LEADER 01303nam--2200409---450- 001 990000362220203316 035 $a0036222 035 $aUSA010036222 035 $a(ALEPH)000036222USA01 035 $a0036222 100 $a20010316d1980----km-y0itay0103----ba 101 $aita 102 $aIT 105 $a||||||||001yy 200 1 $aMicrocomputer e microprocessori$fArpad Barna, Dan I. Porat$ged. italiana a cura dell'Ing.Franco Govoni 210 $aBologna$cEdizioni C.E.L.I.$dc1980 215 $aX, 122 p.$cill.$d23 cm 312 $aTit. orig.: Introduction to microcomputer and microprocessors 410 $12001 454 1$a2001$aIntroduction to microcomputer and microprocessors 461 1$1001-------$12001 610 0 $aMicroelaboratori elettronici 676 $a001.6404 700 1$aBARNA,$bArpad$030904 701 1$aPORAT$bDan I.$0491301 702 1$aGOVONI,$bFranco 801 0$aIT$bsalbc$gISBD 912 $a990000362220203316 951 $a001.640 4 BAR$b6676$c001$d00105590 959 $aBK 969 $aSCI 979 $aPATTY$b90$c20010316$lUSA01$h1015 979 $aPATTY$b90$c20010320$lUSA01$h1410 979 $c20020403$lUSA01$h1644 979 $aPATRY$b90$c20040406$lUSA01$h1625 996 $aMicrocomputer e microprocessori$9876967 997 $aUNISA LEADER 01523nam 2200397 n 450 001 996383492803316 005 20221108012812.0 035 $a(CKB)1000000000593779 035 $a(EEBO)2240872146 035 $a(UnM)99825951 035 $a(UnM)9927522500971 035 $a(EXLCZ)991000000000593779 100 $a19941117d1695 uy | 101 0 $aeng 135 $aurbn#|||a|bb| 200 02$aA design of a British dictionary, historical and geographical$b[electronic resource] $ewith an essay, entituled [sic], Archæologia Britannica: and a natural history of Wales. By Edward Lhwyd, keeper of the Ashmolean repository, Oxon 210 $a[Oxford $cs.n.$d1695] 215 $a2 p 300 $aCaption title. 300 $aImprint from Wing. 300 $aA circular inviting subscriptions to enable Lhuyd to undertake an extended antiquarian and scientific tour for five years. Cf. D.N.B. 300 $aReproduction of the original in the Harvard University Library. 330 $aeebo-0062 606 $aWelsh language$vDictionaries$vEarly works to 1800 606 $aNatural history$xPre-Linnean works$vEarly works to 1800 615 0$aWelsh language 615 0$aNatural history$xPre-Linnean works 700 $aLhuyd$b Edward$f1660-1709.$01001728 801 0$bCu-RivES 801 1$bCu-RivES 801 2$bCStRLIN 801 2$bWaOLN 906 $aBOOK 912 $a996383492803316 996 $aA design of a British dictionary, historical and geographical$92355343 997 $aUNISA